LEADER 00954nam0-22003491i-450- 001 990003251570403321 005 20060126161224.0 035 $a000325157 035 $aFED01000325157 035 $a(Aleph)000325157FED01 035 $a000325157 100 $a20030910d1962----km-y0itay50------ba 101 0 $afre 102 $aFR 105 $aa-------001yy 200 1 $aAustralie et nouvelle-Zélande$fpar Alain Huetz de Lemps 205 $a2. éd. 210 $aParis$cPresses Universitaires De France$d1962 215 $a128 p.$cill.$d19 cm 610 0 $aAustralia 610 0 $aNuova Zelanda 676 $a021.006 700 1$aHuetz de Lemps,$bAlain$0292424 801 0$aIT$bUNINA$gRICA$2UNIMARC 901 $aBK 912 $a990003251570403321 952 $a021.006.LEM.01$b2042$fDECGE 952 $aK-07-034$bIst. 8160$fILFGE 959 $aDECGE 959 $aILFGE 996 $aAustralie et Nouvelle-Zélande$9304456 997 $aUNINA LEADER 01365nam 2200397 450 001 000017611 005 20070503173300.0 010 $a3-11-006680-7 100 $a20040720d1976----km-y0itay0103----ba 101 0 $agre 102 $aDE 200 1 $aAristotelis Ars Rhetorica$fAristotelis$gRudolfus Kassel 200 1 $a1 $n0003263 210 $aBerolini et Novi Eboraci$capud Walter de Gruyter et socios$d1976 215 $aXIX, 259 p.$d24 cm. 676 $a808.0481$v(21. ed.)$9Retorica del greco classico 700 0$aAristoteles$04207 701 1$aKassel,$bRudolf$0156741 801 0$aIT$bUniversitŕ della Basilicata - B.I.A.$gRICA$2unimarc 912 $a000017611 996 $aAristotelis Ars Rhetorica$984422 997 $aUNIBAS BAS $aMONLET BAS $aMONOGR BAS $aLETTERE CAT $aSTD034$b01$c20040720$lBAS01$h1341 CAT $aDILEO$b21$c20040730$lBAS01$h1112 CAT $aDILEO$b21$c20040730$lBAS01$h1116 CAT $c20050601$lBAS01$h1756 CAT $abatch$b01$c20050718$lBAS01$h1053 CAT $c20050718$lBAS01$h1112 CAT $c20050718$lBAS01$h1142 CAT $c20050718$lBAS01$h1157 CAT $aBATCH$b00$c20070503$lBAS01$h1733 FMT Z30 -1$lBAS01$LBAS01$mBOOK$1BASA1$APolo Storico-Umanistico$2GEN$BCollezione generale$3FM/100593$6100593$5L100593$820040720$f02$FPrestabile Generale